| 000 | 00439 a2200157 4500 | ||
|---|---|---|---|
| 020 | _aS/N | ||
| 040 | _aISPLB | ||
| 082 |
_a10(1) _b327 |
||
| 100 |
_91000 _aPEREIRA,Santos,Pascoal |
||
| 245 | _aAuto-Determinacao Nacional para alem do Controlo Politico de um Territorio | ||
| 260 |
_aCoimbra, _bUniversidade de Coimbra _c2015. |
||
| 300 | _a329p | ||
| 650 | _aRelacoes Internacionais | ||
| 700 | _aPEREIRA,Santos,Pascoal | ||
| 942 | _cLivros | ||
| 999 |
_c2174 _d2174 |
||